[Event "Kesan op 14th"]
[Site "Kesan"]
[Date "2016.08.14"]
[Round "1"]
[White "Chigladze, Iveri"]
[Black "Yavuz, Elif Sila"]
[Result "1-0"]
[WhiteElo "2346"]
[BlackElo "1154"]
[PlyCount "93"]
[EventDate "2016.08.14"]
[EventType "swiss"]
[EventRounds "9"]
[EventCountry "TUR"]
[SourceTitle "CBM 173 Extra"]
[Source "ChessBase"]
[SourceDate "2016.08.29"]
[SourceVersion "1"]
[SourceVersionDate "2016.08.29"]
[SourceQuality "1"]

1. e4 e5 2. Nf3 Nc6 3. Bb5 a6 4. Ba4 b5 5. Bb3 Nf6 6. 0-0 d6 7. Re1 Be7 8. c3 Bg4 9. d3 h6 10. Nbd2 0-0 11. Nf1 Nh7 12. h3 Be6 13. Bd5 Bxd5 14. exd5 Na5 15. b4 Nb7 16. d4 f6 17. Qd3 Qe8 18. Nh4 Qf7 19. Ne3 Ng5 20. Nef5 Rfe8 21. Ne3 Bd8 22. Nhf5 e4 23. Qe2 Kh7 24. h4 g6 25. Ng3 f5 26. Nef1 f4 27. hxg5 fxg3 28. Nxg3 Bxg5 29. Bxg5 hxg5 30. Nxe4 Qf5 31. Qf3 Qxf3 32. gxf3 Rf8 33. Nxg5+ Kh6 34. Ne6 Rxf3 35. Kg2 Rf5 36. Rh1+ Rh5 37. a4 Nd8 38. axb5 Nxe6 39. dxe6 Kg7 40. Rxh5 gxh5 41. bxa6 Kf6 42. d5 Ke7 43. b5 Rg8+ 44. Kh3 Ra8 45. Rg1 Ra7 46. Rg8 h4 47. Kxh4 1-0